000 00542cam a2200133Ia 4500
082 4 _a953
_bLAW
100 1 _aLawrence, T. E.
_949448
245 1 0 _a[Seven pillars of wisdom :
260 _a[London :
_bs.n.,
_c1925]
300 _a39 p., [1] leaf of plates :
_bill., col. port. ;
_c26 cm.
500 _aProof sheets of the first seven chapters of the published edition (with the original first chapter suppressed), which serves as the second state of the prospectus. Cf. O'Brien.
526 _a0
_b0
_c0
_d953_000000000000000_LAW
942 _2ddc
_cBK
999 _c552562
_d552562